Normal view
MARC view
- Tammes, A. R
Entry Personal Name
001 - CONTROL NUMBER
- control field: 41599
003 - CONTROL NUMBER IDENTIFIER
- control field: NUST
005 - DATE AND TIME OF LATEST TRANSACTION
- control field: 20210314132104.0
008 - FIXED-LENGTH DATA ELEMENTS
- fixed length control field: 210314|| aca||aabn | a|a d
040 ## - CATALOGING SOURCE
- Original cataloging agency: NUST
- Transcribing agency: NUST
100 ## - HEADING--PERSONAL NAME
- Personal name: Tammes, A. R
670 ## - SOURCE DATA FOUND
- Source citation: Work cat.: (NUST): Tammes, A. R., Electronics for medical and biology laboratory personnel, [1971]
